Peçeli Köle Türkler (Record no. 2919)

MARC details
000 -BAŞLIK
Sabit Uzunlukta Kontrol Alanı 00645na a2200241 4500
001 - KONTROL NUMARASI
Denetim Alanı 23142
003 - KONTROL NUMARASI IDENTIFIER
Denetim Alanı MIRAKIL
005 - SON İŞLEM TARİHİ VE ZAMANI
Denetim Alanı 20181213154913.0
008 - SABİT-BOY VERİ ELEMANLARI - GENEL BİLGİLER
Sabit Uzunlukta Kontrol Alanı 170721b tu 000 0
020 ## - ULUSLARARASI STANDART KİTAP NUMARASI
Uluslararası Standart Kitap Numarası 9786054409280
040 ## - KATALOGLAMA KAYNAK
Orijinal Kataloglama Ajansı Milas
Kataloglama Dili tur
Metne Dönüştürmek Ajansı TR-AnCHP
041 ## - DİL KODU
Metin / Ses Parça Veya Ayrı Başlığın Dil Kodu tur
082 ## - DEWEY ONLU SINIFLANDIRMA NUMARASI
Sınıflandırma Numarası 813.42
Ürün Numarası A47p 2016
090 ## - SINIFLAMA NUMARASI
Sınıflama Numarası 813.42 A47p 2016
100 ## - ANA GİRİŞ - KİŞİSEL İSİM
Kişisel Ad Altıntaş, İlknur
245 ## - BAŞLIK TABLOSU
Başlık Peçeli Köle Türkler
Sorumluluk Tablosu, Vb İlknur Altıntaş
260 ## - YAYIN, DAĞITIM, VB
Yayın, Dağıtım, Vb Yeri İstanbul
Yayıncı, Dağıtıcı, Vs Adı kitapdostu yayınları
Yayın, Dağıtım, Vb Tarihi 2016
300 ## - FİZİKSEL TANIM
Kapsam 687 s.
Boyutlar 19 sm.
440 ## - SERİSİ TABLOSU / KATMA GİRİŞİ - BAŞLIK
Başlık kitapdostu yayınları
Hacim / Ardışık Tanımı 36
490 ## - SERİSİ TABLOSU
Seri Beyanı Edebiyat
Hacim / Ardışık Tanımı 7
650 ## - KONU KATMA GİRİŞ - TOPİKAL DÖNEM
Topikal Süreli Veya Coğrafi Ad Giriş Elemanı Türk edebiyatı
Genel Alt Bölümü Roman
942 ## - EKLENDİ GİRİŞ ELEMANLARI (KOHA)
Sınıflandırma Veya Raf Düzeni Kaynak Dewey Decimal Classification
Koha Öğesi Türü Books
999 ## - SİSTEM KONTROL NUMARALARI (KOHA)
Koha Biblionumber 2919
Koha Biblioitemnumber 2919
Holdings
Kalıcı Konum Mevcut Konum Edinme Tarihi Edinim Kaynak Toplam Check-Out'Lar Tam Çağrı Numarası Barkod Tarih Son Görülme Tarihi Geçen Teslim İtibaren Geçerli Fiyatlar Koha Öğesi Türü
CHP Kütüphanesi CHP Kütüphanesi 07/21/2017 Bağış 1 813.42 A47p 2016 017120 01/20/2022 01/17/2022 07/21/2017 Books